00786nam a2200229Ia 450000500170000000800410001702000150005808200180007310000180009124500840010925000190019330000420021265000400025465000470029465000440034170000210038526400270040633600270043333700330046033800280049304000350052120220317000654.0160601s2001 sp a g 000 0 spa  a842411213X04a750.11 bM15m1 aManning, Mick10aMi primer libro de arte bdibujo y manualidades cMick Manning y Brita Granstrm a2a. edición  a48 páginas bilustraciones c28 cm 142LEMBaArte xEnseñanza elemental 142LEMBaPinturas xEstrategias y técnicas 142LEMBaCreación literaria artística 1 aGranstrom, Brita aLeón bEverestc2001 atextobtxt2rdacontent asin mediaciónbn2rdamedia avolumenbnc2rdacarrier aCO-BoRNBPbspaerdacCO-BoRNBP